000 00847nam a22002657a 4500
001 BR8404760
003 BR-BrBNA
005 20230928092023.0
007 ta
008 230509b bl.||||| |||| 00| 0 por d
040 _aBR-BrBNA
_bpor
_cBiblioteca Nacional de Agricultura
041 _a(Por)
072 _aE14
_b/G514
090 _ E14 BR8404760
110 1 _aComissao Estadual de Planejamento Agricola de Mato Grosso do Sul, Campo Grande (Brasil)
_92030
245 1 _aProposta de acao conjunta - Programas e recursos para o setor publico Agricola de Mato Grosso do Sul - 1985 [Brasil]
260 3 _aCampo Grande, MS (Brasil):
_c1984.
300 _a128 p.
500 _a128 tables
650 _aPROJETO AGRICOLA
650 _aRECURSO ECONOMICO
650 _aMATO GROSSO DO SUL
909 _a202309
_bLucia
_c55
_dLucia Elande
942 _cBK
999 _c36739
_d36739